000 00543nam a22001937a 4500
005 20130904145139.0
010 _aENG-108441
020 _c250.00
_a9788189297268
020 _c250.00
_a8189297260
035 _aEN-91974
037 _bDBAD/PUB
082 _a920
245 _aNapoleon :
_b the little general
260 _aDelhi
_bVijay Goel
_c2009
270 _aS-16, Naveen Shahdara,
_bDelhi
_e110032
300 _a152p. :
_c22cm(Hb)
_bill.
490 _aThe people,world will never forget
942 _2ddc
_cEN
_mNAP
_h920
999 _c78882
_d78882